The Namibian Law Reports 2017 (Record no. 3003)

MARC details
000 -LEADER
fixed length control field 00469nam a22001697a 4500
005 - DATE AND TIME OF INPUT
control field 20240904065157.0
008 - DATA ELEMENTS--GENERAL INFORMATION
fixed length control field 240904b |||||||| |||| 00| 0 eng d
022 ## - INTERNATIONAL STANDARD SERIAL NUMBER
International Standard Serial Number 10246991
041 ## - LANGUAGE CODE
Language code of text English
082 ## - SHELF NUMBER
DDC number 349 NAM
100 ## - MAIN AUTHOR
Language of a work English
245 ## - TITLE STATEMENT
Title The Namibian Law Reports 2017
260 ## - PUBLICATION, DISTRIBUTION, ETC.
Place of publication, distribution, etc. Cape Town:
Name of publisher, distributor, etc. Juta and Company Ltd,
Date of publication, distribution, etc. 2017
300 ## - PHYSICAL DESCRIPTION
Other physical details xxv, 322 pages;
Dimensions 26 cm.
650 ## - SUBJECT`
Broad subject Legal practice
Own subject terms Law
942 ## - ADDED ENTRY ELEMENTS (KOHA)
Item type Books
942 ## - ADDED ENTRY ELEMENTS (KOHA)
-- ALISON_BN_VRIES
Holdings
Source of classification or shelving scheme Volume number (bound volume or other part) Not for loan Collection code Home library Current library Shelving location Date acquired Full call number Barcode Price effective from Koha item type
Dewey Decimal Classification Volume 1   The Namibian Law Reports LAW SOCIETY OF NAMIBIA LIBRARY - WINDHOEK LAW SOCIETY OF NAMIBIA LIBRARY - WINDHOEK The Namibian Law Reports 09/04/2024 349 NAM LSN/2023/4193 09/04/2024 Books
Dewey Decimal Classification Volume 2   The Namibian Law Reports LAW SOCIETY OF NAMIBIA LIBRARY - WINDHOEK LAW SOCIETY OF NAMIBIA LIBRARY - WINDHOEK The Namibian Law Reports 09/04/2024 349 NAM LSN/2023/4194 09/04/2024 Books
Dewey Decimal Classification Volume 3   The Namibian Law Reports LAW SOCIETY OF NAMIBIA LIBRARY - WINDHOEK LAW SOCIETY OF NAMIBIA LIBRARY - WINDHOEK The Namibian Law Reports 09/04/2024 349 NAM LSN/2023/4195 09/04/2024 Books
Dewey Decimal Classification Volume 4   The Namibian Law Reports LAW SOCIETY OF NAMIBIA LIBRARY - WINDHOEK LAW SOCIETY OF NAMIBIA LIBRARY - WINDHOEK The Namibian Law Reports 09/04/2024 349 NAM LSN/2023/4196 09/04/2024 Books